Historia del arte cristiano
Salvato in:
| Autore principale: | |
|---|---|
| Natura: | Libro |
| Lingua: | spagnolo |
| Pubblicazione: |
Madrid
Biblioteca de Autores Cristianos
2001
|
| Edizione: | 2a. ed |
| Serie: | Sapientia Fidei. Serie de Manuales de Teología, 20
|
| Soggetti: | |
| Tags: |
Aggiungi Tag
Nessun Tag, puoi essere il primo ad aggiungerne!!
|
MARC
| LEADER | 00000nam a2200000 a 4500 | ||
|---|---|---|---|
| 001 | UCJ1214 | ||
| 003 | CL-VaPUC | ||
| 008 | 061006e20010000SP |||||||||||||||||spa|d | ||
| 020 | |a 8479145099 | ||
| 082 | 0 | 4 | |a 246 |b PLA |2 21 |
| 100 | 0 | |a Plazaola Artola, Juan |e author |9 501735 | |
| 245 | 1 | 0 | |a Historia del arte cristiano |
| 250 | |a 2a. ed | ||
| 300 | |a 348 p | ||
| 942 | |c BK | ||
| 945 | |d 20061006 00:00:00 |a cmena | ||
| 260 | |a Madrid |b Biblioteca de Autores Cristianos |c 2001 | ||
| 650 | 0 | |a Arte cristiano |9 265204 | |
| 650 | 0 | |a Estilos artísticos |9 340996 | |
| 650 | 0 | |a Arte gótico |9 265512 | |
| 650 | 0 | |a Renacimiento |9 255107 | |
| 650 | 0 | |a Historia del arte |9 314877 | |
| 583 | |a last modification |c 20061006 00:00:00 |k Rodrigo Vera | ||
| 490 | 0 | |a Sapientia Fidei. Serie de Manuales de Teología, 20 | |
| 999 | |c 317873 |d 317871 | ||
| 952 | |0 0 |1 0 |4 0 |6 246_000000000000000_PLA_2001 |7 0 |8 A |9 394902 |a BIBTEO |b BIBTEO |d 2019-11-22 |i 4266609 |o 246 PLA 2001 |p 4266609 |r 2025-01-17 |w 2019-11-22 |y BK |k ICR | ||